000 00754nam a2200229Ia 4500
003 OSt
005 20220918105422.0
006 a|||||r|||| 00| 0
007 ta
008 220915b |||||||| |||| 00| 0 hin d
024 _a93,149
037 _cReference Collections
040 _aARTS
_cARTS
_bhin
041 _2hin
_ahin
082 _aP152:4k, M3(RR)
100 _aसुरेश कुमार, संपा.
_91280
245 0 _aकोश निर्माण सिद्धान्त और परम्परा
246 _aKosh nirmāṇ siddhānta aur paramparā
260 _c1983
942 _hP152:4k, M3(RR)
_cREF
999 _c107003
_d107003